Tablice rejestracyjne miast/powiatów w woj.podkarpackim - Statystyki

Ogólne statystyki
  • Ten quiz został rozwiązany 853 razy
  • Średni wynik to 24 z 25
Statystyki odpowiedzi
Miasto / powiat Rejestracja % Poprawnych
Rzeszów RZ
99%
Krosno RK
98%
Przemyśl RP
98%
Tarnobrzeg RT
97%
powiat jarosławski RJA
95%
powiat jasielski RJS
95%
powiat łańcucki RLA
95%
powiat leżajski RLE
95%
powiat mielecki RMI
95%
powiat niżański RNI
95%
powiat sanocki RSA
95%
powiat stalowowolski RST
95%
powiat rzeszowski RZE
95%
powiat bieszczadzki RBI
94%
powiat brzozowski RBR
94%
powiat dębicki RDE
94%
powiat kolbuszowski RKL
94%
powiat krośnieński RKR
94%
powiat lubaczowski RLU
94%
powiat przemyski RPR
94%
powiat tarnobrzeski RTA
94%
powiat leski RLS
93%
powiat przeworski RPZ
92%
powiat ropczycko-sędziszowski RRS
92%
powiat strzyżowski RSR
89%
Nie znaleziono quizów pasujących do podanych kryteriów
Rozkład punktacji
Procent ludzi z każdym wynikiem
Percentyl według liczby udzielonych odpowiedzi
Twoja historia wyników
Nie rozwiązałeś tego quizu